Off the Map Characters Quiz Stats

 Plays Quiz not verified by Sporcle

Challenge
Share
Tweet
Embed
Score 0/8 Timer 03:00
0 Plays Today
Quotes Characters % Correct
'You're right. I’m sure you’ll find your way over treacherous mountain terrain to a remote village just fine.'Charlie
83%
'Well, you need me here. And I’m not going to throw away all the good I can do in this place....'Ryan Clark
62.3%
'When we are off the clock I'm more than happy to talk to you all about my crap language skills and my waspy upbringing but when we're in the field, I work solo.'Mina Minard
60.4%
'This place is kinda awesome. There's hot doctor chicks, hot tourists coming in almost every single day. It's kinda great.'Tommy Fuller
54.7%
'If there was somewhere to start over, it's right here.'Lily Brenner
52.8%
'First light, you will haul your ass back up there and treat those people. Every last one of them.'Otis Cole
49.1%
'Practicing tropical medicine in a third-world country is a different game.... You don’t have high tech, you don't have big pharma—you have your brain, you have your instincts.Ben Keeton
45.3%
'They all leave, so I don’t know why I waste my time training these useless Americanos who don’t even bother to learn Spanish.'Zita Alvarez
32.1%

You're not logged in!

Compare scores with friends on all Sporcle quizzes.
OR
Log In

You Might Also Like...

Show Comments

Extras

Created Mar 12, 2011SourceReportNominate
Tags:abc

Top Quizzes Today


Score Distribution

Your Account Isn't Verified!

In order to create a playlist on Sporcle, you need to verify the email address you used during registration. Go to your Sporcle Settings to finish the process.

Report this User

Report this user for behavior that violates our Community Guidelines.

Details: